000 00537nam a2200229Ia 4500
003 OSt
005 20220924142602.0
006 a|||||r|||| 00| 0
007 ta
008 ASM
024 _a302512
037 _cTextual
040 _aARTS
_cARTS
_bASM
041 _2ASM
_aASM
082 _aO113,3M83x, 158L9
100 _aTamuly
_9213678
245 0 _aKetiaba mrityoo
260 _c1979
650 _aGERMAN LITERATURE
_915713
942 _hO113,3M83x, 158L9
_cTEXL
_2CC
999 _c451213
_d451213